Statistiche per Opere liriche di Giuseppe Verdi

Clicka qui per fare il quiz!

Statistiche generali

  • Questo quiz è stato fatto 413 volte
  • Il punteggio medio è 11 su 28

Statistiche sulle risposte

HintRisposta% Corretto
1871Aida
91%
1853La traviata
87%
1842Nabucodonosor
75%
1851Rigoletto
72%
1853Il trovatore
63%
1893Falstaff
60%
1887Otello
55%
1847Macbeth
42%
1844Ernani
39%
1843I Lombardi alla prima crociata
37%
1839Oberto, Conte di San Bonifacio
36%
1859Un ballo in maschera
34%
1862La forza del destino
31%
1867Don Carlo
30%
1855I vespri siciliani
30%
1847I masnadieri
28%
1840Un giorno di regno, ossia il finto Stanislao
28%
1845Giovanna d'Arco
26%
1846Attila
24%
1844I due Foscari
23%
1849Luisa Miller
22%
1857Simon Boccanegra
22%
1849La battaglia di Legnano
20%
1857Aroldo
18%
1847Jérusalem
17%
1850Stiffelio
17%
1845Alzira
16%
1848Il corsaro
16%

Distribuzione punteggi

Percentile per numero di risposta

Percentuale di utenti per punteggio

I tuoi punteggi nel tempo

Non hai fatto questo quiz